ARRUPE JESUIT UNIVERSITY

CORONAVIRUS -STOP THE SPREAD - CLEAN,DISINFECT,COVER

The lands of Cazembe : (Record no. 124067)

MARC details
000 -LEADER
fixed length control field 01597cam a22003491i 4500
001 - CONTROL NUMBER
control field 8205115
003 - CONTROL NUMBER IDENTIFIER
control field ARRUPE
005 - DATE AND TIME OF LATEST TRANSACTION
control field 20190111103314.0
008 - FIXED-LENGTH DATA ELEMENTS--GENERAL INFORMATION
fixed length control field 760127s1873 enkb 001 0 eng
010 ## - LIBRARY OF CONGRESS CONTROL NUMBER
LC control number 05030527
035 ## - SYSTEM CONTROL NUMBER
System control number (OCoLC)1947533
040 ## - CATALOGING SOURCE
Original cataloging agency DLC
Transcribing agency CCC
Modifying agency OCoLC
-- MiEM
-- OCoLC
-- NBrockU
-- DLC
041 1# - LANGUAGE CODE
Language code of text/sound track or separate title eng
Language code of original and/or intermediate translations of text und
050 00 - LIBRARY OF CONGRESS CALL NUMBER
Classification number DT731
Item number .R88
300 ## - PHYSICAL DESCRIPTION
Other physical details fold. map. ;
Dimensions 23 cm.
110 2# - MAIN ENTRY--CORPORATE NAME
Corporate name or jurisdiction name as entry element Royal Geographical Society (Great Britain)
9 (RLIN) 21886
245 14 - TITLE STATEMENT
Title The lands of Cazembe :
Remainder of title Lacerda's journey to Cazembe in 1798 /
Statement of responsibility, etc translated and annotated by R. F. Burton. Also Journey of the pombeiros, P. J. Baptista, and Amaro José, across Africa from Angola to Tette on the Zambeze, translated by B. A. Beadle. And a Résumé of the journey of MM. Monteiro and Gamitto, by C. T. Beke.
260 ## - PUBLICATION, DISTRIBUTION, ETC. (IMPRINT)
Place of publication, distribution, etc London :
Name of publisher, distributor, etc John Murray,
Date of publication, distribution, etc [1873]
300 ## - PHYSICAL DESCRIPTION
Extent vii, 271 p. :
500 ## - GENERAL NOTE
General note Reprint of the 1873 ed.<br/>Also journey of the Pombeiros of Baptista, Pedro Joao
600 10 - SUBJECT ADDED ENTRY--PERSONAL NAME
Personal name Monteiro, José Maria Corrêa.
9 (RLIN) 21887
600 20 - SUBJECT ADDED ENTRY--PERSONAL NAME
Personal name Pedroso Gamitto, Antonio Candigo,
Dates associated with a name 1806-1866.
9 (RLIN) 21888
651 #0 - SUBJECT ADDED ENTRY--GEOGRAPHIC NAME
Geographic name Kazembe.
9 (RLIN) 21889
651 #0 - SUBJECT ADDED ENTRY--GEOGRAPHIC NAME
Geographic name Africa, Southern
General subdivision Description and travel.
9 (RLIN) 21890
700 1# - ADDED ENTRY--PERSONAL NAME
Personal name Almeida, Francisco José de Lacerda e,
Dates associated with a name 1753-1798.
9 (RLIN) 21891
700 1# - ADDED ENTRY--PERSONAL NAME
Personal name Burton, Richard Francis,
Titles and other words associated with a name Sir,
Dates associated with a name 1821-1890,
Relator term tr.
9 (RLIN) 21728
700 1# - ADDED ENTRY--PERSONAL NAME
Personal name Baptista, Pedro Joã̈o.
9 (RLIN) 21892
700 1# - ADDED ENTRY--PERSONAL NAME
Personal name José, Amaro.
9 (RLIN) 21893
700 1# - ADDED ENTRY--PERSONAL NAME
Personal name Beadle, B. A.,
Relator term tr.
9 (RLIN) 21894
700 1# - ADDED ENTRY--PERSONAL NAME
Personal name Beke, Charles T.
Fuller form of name (Charles Tilstone),
Dates associated with a name 1800-1874.
9 (RLIN) 21895
906 ## - LOCAL DATA ELEMENT F, LDF (RLIN)
a 7
b cbc
c oclcrpl
d u
e ncip
f 19
g y-gencatlg
942 ## - ADDED ENTRY ELEMENTS (KOHA)
Source of classification or shelving scheme Library of Congress Classification
Koha item type SPC
Holdings
Withdrawn status Lost status Source of classification or shelving scheme Damaged status Not for loan Collection code Home library Current library Shelving location Date acquired Total Checkouts Full call number Barcode Date last seen Price effective from Koha item type
    Library of Congress Classification     SPECIAL Collection ARRUPE LIBRARY ARRUPE LIBRARY REFERENCE 28/01/2016   SPC DT731 .R88 46500006152 28/01/2016 28/01/2016 SPC
    Library of Congress Classification     SPECIAL Collection ARRUPE LIBRARY ARRUPE LIBRARY REFERENCE 11/01/2019   SPC. DT731 .R88 46600002815 11/01/2019 11/01/2019 SPC

 

Arrupe Library. PO Box MP320 Mt Pleasant, Harare, Zimbabwe
263 242 745411|librarian@aju.ac.zw